|
|
|
|
| LEADER |
00863nam a2200193Ia 4500 |
| 008 |
170722s9999 xx 000 0 und d |
| 999 |
|
|
|c 145602
|d 145602
|
| 020 |
|
|
|a 9780070140622
|
| 084 |
|
|
|2 cc
|a D6512
|
| 100 |
|
|
|a Ray, A. K.
|
| 245 |
|
|
|a Advanced microprocessors and peripharals /
|
| 260 |
|
|
|a New Delhi :
|b Tata McGraw Hill Education ,
|c 2006.
|
| 300 |
|
|
|a xx+715p
|
| 653 |
|
|
|a Microprocessors
|
| 700 |
|
|
|a Bhurchandi, K. M.
|
| 942 |
|
|
|c REF
|
| 952 |
|
|
|0 0
|1 0
|4 0
|6 D_65123_P6P61
|7 0
|9 205649
|a LIB
|b LIB
|d 2013-03-25
|e Current Books
|l 4
|o D6512:3 P6-P6;1
|p 283465
|r 2018-01-06
|s 2017-11-24
|w 2017-08-12
|y GEN
|
| 952 |
|
|
|0 0
|1 0
|4 0
|6 D_65123_P6P61
|7 0
|9 205650
|a LIB
|b LIB
|d 2013-03-25
|e Current Books
|l 2
|o D6512:3 P6-P6;1
|p 283466
|r 2017-11-16
|s 2017-10-19
|w 2017-08-12
|y GEN
|
| 952 |
|
|
|0 0
|1 0
|4 0
|6 D_65123_Q3
|7 0
|8 TB
|9 205651
|a LIB
|b LIB
|d 2017-03-01
|e The Book Bay
|o D6512:3 Q3
|p 304259
|r 2017-08-12
|y REF
|